000 00582nam a22001817a 4500
005 20241007131236.0
008 241007b |||||||| |||| 00| 0 eng d
020 _a978-81-7319-447-4
082 _a620.106
_bNAR-E
100 _aNarayana,P. A.Aswatha
245 _aEngineering Fluid Mechanics /
_cP. A.Aswatha Narayana and K. N. Seetharamu
260 _aIndia :
_bNarosa ;
_c2015.
300 _axx, 581 p.:
_bill.;
_c25 cm..
500 _aIncludes bibliographical references and index .
650 _aFluid Mechanics/ Engineering
700 _aSeetharamu, K. N
999 _c36646
_d36646